Odd One Out: Academy Award Winners - Statistics

General Stats
  • This quiz has been taken 69 times
  • The average score is 9 of 15
Answer Stats
Question Answer % Correct
Which did not win... Best Picture? La La Land
100%
... Best Supporting Actor? Bradley Cooper
88%
... Best Actor? Johnny Depp
88%
... Best Actress? Judi Dench
88%
... Best Supporting Actress? Saoirse Ronan
88%
... Best Animated Feature Film? Moana
63%
... Best Director? Christopher Nolan
50%
... Best International Feature Film? Honeyland
50%
... Best Visual Effects? I, Robot
50%
... Best Original Score? Forrest Gump
38%
... Best Original Song? 'How Far I'll Go' - Moana
38%
... Best Editing? Million Dollar Baby
38%
... Best Costume Design? Pride and Prejudice
38%
... Best Documentary Feature? Sicko
38%
... Best Cinematography? Gladiator
25%
No matching quizzes found
Score Distribution
Percent of People with Each Score
Percentile by Number Answered
Your Score History
You have not taken this quiz